Ψυχολογία Ατομικών Διαφορών (Record no. 182)
[ view plain ]
| 000 -LEADER | |
|---|---|
| fixed length control field | 01247cam a22001814a 4500 |
| 005 - ΗΜΕΡΟΜΗΝΙΑ ΚΑΙ ΩΡΑ ΤΕΛΕΥΤΑΙΑΣ ΕΝΗΜΕΡΩΣΗΣ | |
| Πεδίο ελέγχου | 20250605163927.0 |
| 008 - FIXED-LENGTH DATA ELEMENTS--GENERAL INFORMATION | |
| Πεδίο ελέγχου σταθερού μήκους | 250528s ||||||||||||||||||||||||d |
| 035 ## - SYSTEM CONTROL NUMBER | |
| System control number | 14558 |
| 040 ## - ΠΗΓΗ ΚΑΤΑΛΟΓΟΓΡΑΦΗΣΗΣ | |
| Φορέας πρωτότυπης καταλογογράφησης | MC Athens Campus Library |
| Γλώσσα καταλογογράφησης | Ελληνικά, Μοντέρνα (1453-) |
| Modifying agency | MC Athens Campus Library |
| Κανόνες περιγραφικής καταλογογράφησης | AACR2 |
| 245 1# - ΤΙΤΛΟΣ ΚΑΙ ΔΗΛΩΣΗ ΥΠΕΥΘΥΝΟΤΗΤΑΣ | |
| Τίτλος | Ψυχολογία Ατομικών Διαφορών |
| 260 ## - PUBLICATION, DISTRIBUTION, ETC. | |
| Date of publication, distribution, etc. | 1994 |
| 300 ## - PHYSICAL DESCRIPTION | |
| Extent | 210 |
| 520 ## - SUMMARY, ETC. | |
| Summary, etc. | Στο σύγραμμα αυτό επιχειρείται η περιγραφή και η ερμηνεία των διαφορών που παρουσιάζουν τα άτομα στα διάφορα χαρακτηριστικά τους. Πρόλογος, Περιεχόμενα, Βασικές Έννοιες της Ψυχολογίας των Ατομικών Διαφορών, Διαφορές στη Νοημοσύνη, Διαφορές στην Προσωπικότητα, Διαφορές στις Ειδικές Ικανότητες - Ενδοατομικές Διαφορές, Διαφορές Μεταξύ Ομάδων, Άτομα με Σημαντικές Αποκλίσεις, Βιβλιογραφία, Αλφαβητικό Ευρετήριο Περιεχομένων. |
| 700 1# - ΠΡΟΣΘΕΤΗ ΑΝΑΓΡΑΦΗ--ΦΥΣΙΚΟ ΠΡΟΣΩΠΟ | |
| Personal name | Παρασκευόπουλος Ιωάννης Μ |
| 9 (RLIN) | 202 |
| 942 ## - ADDED ENTRY ELEMENTS (KOHA) | |
| Koha item type | Books |
| Τύπος τεκμηρίου | Βιβλιοθήκη | Τρέχουσα τοποθεσία | Barcode | Αριθμός εισαγωγής | Ημερομηνία απόκτησης | Ταξιθετικό σύμβολο | Αριθμός αντιτύπου | Κατάσταση απόσυρσης | Κατάσταση χαμένου | Κατάσταση κατεστραμμένου | Μη δανεισμός | Σύνολο δανεισμών | Ημερομηνία τελευταίας εμφάνισης | Η τιμή ισχύει από |
|---|---|---|---|---|---|---|---|---|---|---|---|---|---|---|
| Books | MC Athens Campus Library | MC Athens Campus Library | 9780000001818 | 2083 | 05/06/2025 | 155.22 PAR | 1 | 05/06/2025 | 05/06/2025 |